The first-time manager’s guide to performance appraisals / (Record no. 57310)

MARC details
000 -LEADER
fixed length control field 01542nam a22002657a 4500
005 - DATE AND TIME OF LATEST TRANSACTION
control field 20111005114927.0
008 - FIXED-LENGTH DATA ELEMENTS--GENERAL INFORMATION
fixed length control field 111005t xxu||||| |||| 00| 0 eng d
010 ## - LCCN (DPL NO)
LC control number ENG-103879
020 ## - INTERNATIONAL STANDARD BOOK NUMBER
International Standard Book Number 9788120342668
Terms of availability 250.00
035 ## - SYSTEM CONTROL NUMBER
System control number EN-87412
037 ## - SOURCE OF ACQUISITION
Source of stock number/acquisition DBAD / PUB
040 ## - CATALOGING SOURCE
Original cataloging agency dpl
Language of cataloging Eng
082 ## - DEWEY DECIMAL CLASSIFICATION NUMBER
Classification number 658.3125
100 ## - MAIN ENTRY--PERSONAL NAME
Personal name Arthur, Diane
9 (RLIN) 24913
245 ## - TITLE STATEMENT
Title The first-time manager’s guide to performance appraisals /
Statement of responsibility, etc by Diane Arthur
260 ## - PUBLICATION, DISTRIBUTION, ETC. (IMPRINT)
Place of publication, distribution, etc New Delhi
Name of publisher, distributor, etc PHI Learning
Date of publication, distribution, etc 2011
270 ## - ADDRESS
Address M-97 Connaught Circus
City New Delhi
Postal code 110001
300 ## - PHYSICAL DESCRIPTION
Extent x,166p.
Dimensions 23cm (pbk)
500 ## - GENERAL NOTE
General note Includes index
505 ## - FORMATTED CONTENTS NOTE
Formatted contents note Performance appraisals : an overview -- Managers as coaches -- Managers as counselors -- The golden rules of performance appraisals -- Gathering information -- Preparing to conduct appraisals on former coworkers -- Forms and ratings -- Writing guidelines -- How to begin -- What to discuss -- How to listen actively -- How to act : the importance of body language -- How to handle challenging performance-appraisal situations -- How to avoid typical performance-appraisal pitfalls -- How to conduct appraisals on different-performance level employees -- Performance appraisals for employees who telecommute.
650 ## - SUBJECT ADDED ENTRY--TOPICAL TERM
Topical term or geographic name as entry element Employees
General subdivision Rating of
9 (RLIN) 35248
Form subdivision Handbooks, manuals, etc.
700 ## - ADDED ENTRY--PERSONAL NAME
9 (RLIN) 24920
942 ## - ADDED ENTRY ELEMENTS (KOHA)
Source of classification or shelving scheme Dewey Decimal Classification
Item type English Books
Call number suffix ART
Classification part 658.3125
Holdings
Withdrawn status Lost status Source of classification or shelving scheme Damaged status Not for loan Collection code Home library Current library Date acquired Source of acquisition Cost, normal purchase price Total Checkouts Full call number Barcode Date last seen Copy number Cost, replacement price Koha item type
    Dewey Decimal Classification   Not For Loan Non-fiction D.B.Act.Division D.B.Act.Division 05/10/2011 DBAD/PUB 250.00   658.3125 ART EN-87412 05/10/2011 1 250.00 English Books

© Delhi Public Library
Hit Counter
free hit counter